All Countries by Eastern Most Point - Easy - Statistics

General Stats
  • This quiz has been taken 62 times
    57 since last reset
  • The average score is 156 of 196
Answers on the Map
Answers color-coded by a green-red scale on the quiz's map according to % correct below.
 
Answer Stats
Hint Answer % Correct
R Russia
100%
N New Zealand
94%
F Fiji
88%
J Japan
88%
M Marshall Islands
88%
F. S. Micronesia
88%
T Tuvalu
88%
V Vanuatu
88%
A Afghanistan
82%
A Albania
82%
A Angola
82%
A Armenia
82%
A Australia
82%
A Azerbaijan
82%
B Bahrain
82%
B Bangladesh
82%
B Belarus
82%
B Bhutan
82%
B Bosnia and Herzegovina
82%
B Botswana
82%
B Brunei
82%
B Bulgaria
82%
B Burundi
82%
C Cambodia
82%
C Central African Republic
82%
C Chad
82%
C China
82%
C Comoros
82%
C Croatia
82%
C Cyprus
82%
C Czechia
82%
D. R. Democratic republic of the congo
82%
D Djibouti
82%
E/T East Timor
82%
E Egypt
82%
E Eritrea
82%
E Estonia
82%
E Eswatini
82%
E Ethiopia
82%
F Finland
82%
F France
82%
G Georgia
82%
G Greece
82%
H Hungary
82%
I India
82%
I Indonesia
82%
I Iran
82%
I Iraq
82%
I Israel
82%
J Jordan
82%
K Kazakhstan
82%
K Kenya
82%
K Kiribati
82%
K Kosovo
82%
K Kuwait
82%
K Kyrgyzstan
82%
L Laos
82%
L Latvia
82%
L Lebanon
82%
L Lesotho
82%
L Libya
82%
L Lithuania
82%
M Madagascar
82%
M Malawi
82%
M Malaysia
82%
M Maldives
82%
M Mauritius
82%
M Moldova
82%
M Mongolia
82%
M Montenegro
82%
M Mozambique
82%
M Myanmar
82%
N Namibia
82%
N Nauru
82%
N Nepal
82%
N North Korea
82%
N North Macedonia
82%
N Norway
82%
O Oman
82%
P Pakistan
82%
P Palau
82%
P Papua New Guinea
82%
P Philippines
82%
P Poland
82%
Q Qatar
82%
R. C. Republic of the Congo
82%
R Romania
82%
R Rwanda
82%
S Samoa
82%
S Saudi Arabia
82%
S Serbia
82%
S Seychelles
82%
S Singapore
82%
S Slovakia
82%
S Solomon Islands
82%
S Somalia
82%
S South Africa
82%
S South Korea
82%
S South Sudan
82%
S Sri Lanka
82%
S Sudan
82%
S Sweden
82%
S Syria
82%
T Taiwan
82%
T Tajikistan
82%
T Tanzania
82%
T Thailand
82%
T Tonga
82%
T Turkey
82%
T Turkmenistan
82%
U Uganda
82%
U Ukraine
82%
U United Arab Emirates
82%
U United Kingdom
82%
U Uzbekistan
82%
V Vietnam
82%
Y Yemen
82%
Z Zambia
82%
Z Zimbabwe
82%
A Algeria
76%
A Andorra
76%
A Argentina
76%
A Austria
76%
B Belgium
76%
B Benin
76%
B Bolivia
76%
B Brazil
76%
B Burkina Faso
76%
C Cameroon
76%
C Canada
76%
C Cape verde
76%
D Denmark
76%
E Equatorial Guinea
76%
G Gabon
76%
G Gambia
76%
G Germany
76%
G Ghana
76%
G Guinea
76%
G Guinea bissau
76%
G Guyana
76%
I Iceland
76%
I Ireland
76%
I Italy
76%
I Ivory coast
76%
L Liberia
76%
L Liechtenstein
76%
L Luxembourg
76%
M Mali
76%
M Malta
76%
M Mauritania
76%
M Monaco
76%
M Morocco
76%
N Netherlands
76%
N Niger
76%
N Nigeria
76%
P Paraguay
76%
P Portugal
76%
S San Marino
76%
S São Tomé and Príncipe
76%
S Senegal
76%
S Sierra Leone
76%
S Slovenia
76%
S Spain
76%
S Suriname
76%
S Switzerland
76%
T Togo
76%
T Tunisia
76%
U Uruguay
76%
U Usa
76%
V Vatican
76%
A Antigua and barbuda
71%
B Bahamas
71%
B Barbados
71%
B Belize
71%
C Chile
71%
C Colombia
71%
C Costa rica
71%
C Cuba
71%
D Dominica
71%
D Dominican Republic
71%
E Ecuador
71%
E El salvador
71%
G Grenada
71%
G Guatemala
71%
H Haiti
71%
H Honduras
71%
J Jamaica
71%
M Mexico
71%
N Nicaragua
71%
P Panama
71%
P Peru
71%
S St kitts and nevis
71%
S St lucia
71%
S St Vincent and the grenadines
71%
T Trinidad and tobago
71%
V Venezuela
71%
No matching quizzes found
Score Distribution
Percent of People with Each Score
Percentile by Number Answered
Your Score History
You have not taken this quiz since the last reset